| 000 | 00409nam a22001577a 4500 | ||
|---|---|---|---|
| 005 | 20251108172806.0 | ||
| 008 | 250721s2001 xx 000 0 ara d | ||
| 082 | 1 | 4 | _a814/جاب |
| 100 | 1 | _aأبو جابر، فايز | |
| 245 | 1 | 0 | _aآراء صريحة في حقائق قبيحة / |
| 264 | 1 |
_aعمان : _c2001. |
|
| 300 | _a179ص | ||
| 650 | 1 | 7 | _aالمقالات |
| 942 |
_2ddc _cBK |
||
| 999 |
_c88621 _d88621 |
||